| 000 | 00539nam a2200169Ia 4500 | ||
|---|---|---|---|
| 003 | GCL | ||
| 008 | 140319s9999 xx 000 0 ara d | ||
| 040 |
_aGCL / _cGCL |
||
| 082 | 0 | 4 |
_a158.2 _bس ع |
| 100 | 1 | _aسميرة عبده | |
| 245 | 1 | 0 |
_aالعلاقات المشتركة بين الرجل والمرأة / _cسميرة عبده |
| 260 |
_a[S.N] : _bدار الافاق الجديدة ، _c1983 |
||
| 490 | _a | ||
| 650 | 0 | 4 | _aالعلاقات الانسانية |
| 650 | 0 | 4 | _aعلم النفس التطبيقى |
| 942 |
_2ddc _cBK |
||
| 999 |
_c53334 _d53334 |
||